000 00360nam a2200157Ia 4500
003 OSt
005 20231211072635.0
008 170524s9999 xx 000 0 und d
020 _a9788125936312
040 _cIIMT UNIVERSITY
100 _aSAXENA- SANJAY
100 _c2010
245 2 _aA FIRST COURSE IN COMPUTERS
260 _aVikas Pub.
942 _2ddc
_c02
999 _c2480
_d2480